000
00293nam a22001097a 4500
008
230704b xxu||||| |||| 00| 0 eng d
082
_2
3
_a
341
_b
BRO 1979
245
_a
Principles of Public International Law
260
_b
Oxford University Press
_c
1979
300
_a
XXXVIII,743p
942
_2
ddc
_c
BK
999
_c
3932
_d
3932